Steve Martin movies - Statistics

General Stats
  • This quiz has been taken 96 times
  • The average score is 14 of 44
Answer Stats
Year Film % Correct
1979 The Jerk
77%
1991 Father of the Bride
76%
1995 Father of the Bride Part II
70%
1987 Planes, Trains, & Automobiles
65%
2003 Cheaper by the Dozen
58%
1989 Parenthood
55%
1987 Roxanne
54%
2006 The Pink Panther
51%
2005 Cheaper by the Dozen 2
49%
1982 Dead Men Don't Wear Plaid
49%
1983 The Man with Two Brains
48%
1986 Three Amigos!
48%
1992 Housesitter
45%
1988 Dirty Rotten Scoundrels
41%
1991 L.A. Story
41%
2009 The Pink Panther 2
41%
1984 All of Me
38%
2005 Shopgirl
38%
1986 Little Shop of Horrors
34%
1984 The Lonely Guy
34%
1994 Mixed Nuts
31%
1990 My Blue Heaven
31%
2003 Bringing Down the House
27%
1996 Sgt. Bilko
27%
1999 Bowfinger
25%
2009 It's Complicated
25%
1992 Leap of Faith
25%
1981 Pennies from Heaven
25%
1979 The Muppet Movie
23%
1991 Grand Canyon
21%
2001 Novocaine
21%
1997 The Spanish Prisoner
21%
2011 The Big Year
20%
1999 The Out-of-Towners
18%
2015 Home
15%
1994 A Simple Twist of Fate
11%
1998 The Prince of Egypt
10%
2003 Looney Tunes: Back in Action
7%
2015 Love the Coopers
7%
1978 Sgt. Pepper's Lonely Hearts Club Band
7%
1972 Another Nice Mess
6%
2008 Baby Mama
4%
2000 Joe Gould's Secret
0%
1985 Movers & Shakers
0%
No matching quizzes found
Score Distribution
Percent of People with Each Score
Percentile by Number Answered
Your Score History
You have not taken this quiz